| 000 | 00522 a2200157 4500 | ||
|---|---|---|---|
| 999 |
_c59 _d59 |
||
| 003 | NUST | ||
| 005 | 20180125094333.0 | ||
| 008 | 171222b xxu||||| |||| 00| 0 eng d | ||
| 020 | _a007124140x(alk. paper) | ||
| 035 | _a2001053724 | ||
| 040 | _c0 | ||
| 082 | _a628.3 EDD | ||
| 100 |
_aEddy,Metcalf _97110 |
||
| 245 |
_aWastewater Engineering : _btreatment and reuse / _cMetcalf & Eddy, Inc. |
||
| 250 |
_a4th ed. / _brevised by George Tchobanoglous, Franklin L. Burton, H. David Stensel. |
||
| 260 |
_aBoston : _bMcGraw-Hill, _c2004. |
||
| 300 |
_axxviii, 1819 p. : _bill. ; _c24 cm. |
||
| 500 | _aP.B | ||
| 650 |
_aSewerage. _95193 |
||
| 650 |
_aSewage disposal. _9392 |
||
| 650 |
_aWater reuse. _91016 |
||
| 942 |
_2ddc _cREF _kIESE |
||